000 01157nam a22002777a 4500
005 20240530110434.0
008 150406s2009 ua g b 000 0 ara d
017 _a2009/15321
_bمصر . دار الكتب المصرية
020 _a9789774795046
040 _aEG-CaGPL
082 0 4 _221
_a216\
_bإ خ
100 1 _aاسبوزيتو ، جون ل.
245 1 2 _aالخطر الاسلامى :
_bخرافة ام حقيقة /
_cتاليف جون ل . اسبوزيتو ؛ ترجمة قاسم عبده قاسم .
250 _aط1.
260 _aالقاهرة :
_bالمركز القومى للترجمة ،
_c2009.
300 _a657 ص ؛
_c20 سم.
490 0 _aالمشروع القومى للترجمة ؛
_v1360
504 _aيشتمل على ارجاعات ببليوجرافية
650 0 4 _aالاسلام
_xحركات الاحياء والاصلاح والتجديد
650 0 4 _aالاسلام
_xمبادئ عامة
650 0 4 _aالتنظيمات الاسلامية .
650 0 4 _aالاسلام
_xدفع مطاعن
700 0 _aقاسم عبده قاسم
942 _2ddc
_cBK
999 _c60917
_d60917